000 00290nam a22001337a 4500
008 170428b xxu||||| |||| 00| 0 eng d
020 _a34
041 _aeng
080 _a34
100 _a13
101 _aSHJ
245 _aPROVIDING EXECUTIVE PROTECTION
_cKOBETZ.R.W
942 _2udc
_cBK
999 _c12304
_d12304